000 00338nam a2200157Ia 4500
100 _aKeogh/James
650 _aJ2ME
942 _cBK
366 _f15
654 _aJ2ME
245 _aComplete Reference J2ME
260 _bTata Mc Graw hill Ltd.
_aNew Delhi
_c2005
082 _a005.133J/KEO
_bKEO
300 _a758
546 _aENGLISH
999 _c31001
_d31001